| 000 | 00912nam a22002057a 4500 | ||
|---|---|---|---|
| 003 | OSt | ||
| 005 | 20260127160454.0 | ||
| 008 | 210801b ||||| |||| 00| 0 eng d | ||
| 040 | _cOSt | ||
| 041 | _ashan | ||
| 082 | _a808.4 | ||
| 245 |
_aသႅင်သယၢမ်မၢႆ-2 _cၸဝ်ႈၶူးထမ်မိၵ ၼုမ်ႇၶိူဝ်း၊ ၸဝ်ႈၼၼ်ႇတေႃးၸေယ ၼုမ်ႇၶမ်း ၶပ်းၶိုင်- |
||
| 260 |
_aမိူင်းၵွၵ်ႇ _bႁူင်းပေႃႉလိၵ်ႈၸၼ်ႉၸွမ်မႁႃမၵုတ်ႉ _c2012 |
||
| 300 |
_aix၊ 261 ၼႃႈ _bပႃးၶႅပ်းႁၢင်ႈ _c21 ၸိၼ်ႇထီႇ |
||
| 500 | _aS-SAT: Dr. Prof Sai Aung Tun | ||
| 501 | _aပႃးၽိုၼ်ဢိင် | ||
| 650 | _aလိၵ်ႈႁွမ်တွမ် (article) | ||
| 942 | _cBK1 | ||
| 942 | _2ddc | ||
| 999 |
_c6169 _d6169 |
||